Women in the labor force

Gespeichert in:
Bibliographische Detailangaben
1. Verfasser: Sweet, James A.
Format: Buch
Sprache:English
Veröffentlicht: New York, Seminar Press [1973]
Schriftenreihe:Studies in population
Schlagworte:
LEADER 01035nam a2200301 a 4500
001 c000321942
003 CARM
005 20001004215006.0
008 731023s1973 nyua bs 001 0 eng
010 |a 72007704 //r93 
019 1 |a 574649  |z 25057435  |z 3525598  |5 LACONCORD2021 
035 |a (OCoLC)740780  |5 LACONCORD2021 
040 |a LC  |b eng  |c LC  |d LC 
043 |a n-us--- 
050 4 |a HD6095  |b .S8 
050 0 0 |a HD6095  |b .S8 
082 0 0 |a 331.4/3/0973 
082 0 4 |a 331.4/3/0973 
100 1 |a Sweet, James A. 
245 1 0 |a Women in the labor force  |c [by] James A. Sweet. 
260 |a New York,  |b Seminar Press  |c [1973] 
300 |a viii, 211 p.  |b illus.  |c 24 cm. 
490 0 |a Studies in population 
504 |a Bibliography: p. 201-208. 
650 0 |a Married women  |x Employment  |z United States. 
852 8 |b CARM  |h A1:AM38G0  |i B09818  |p 0442783  |f BK 
999 f f |i ef43f36b-e587-5ca5-bd44-1f743423c7f9  |s 6cc93eb7-5bcd-5e89-9348-7df44f22de82 
952 f f |p Can circulate  |a CAVAL  |b CAVAL  |c CAVAL  |d CARM 1 Store  |e B09818  |f A1:AM38G0  |h Other scheme  |i book  |m 0442783